Pont az évad végére Zsákbamacska /
Elmentve itt :
| Szerzők: | |
|---|---|
| Dokumentumtípus: | Cikk |
| Megjelent: |
1978-04-23
|
| Sorozat: | Délmagyarország
68 No. 95 |
| Kulcsszavak: | Kamaraszínház |
| Online Access: | http://dmarchiv.bibl.u-szeged.hu/120077 |
| LEADER | 00508nab a2200169 i 4500 | ||
|---|---|---|---|
| 001 | delm120077 | ||
| 005 | 20190517115638.0 | ||
| 008 | 190517s1978 hu o 0|| hun d | ||
| 040 | |a SZTE Délmagyarország Archívum |b hun | ||
| 041 | |a hun | ||
| 100 | 1 | |a Nikolényi István | |
| 245 | 1 | 0 | |a Pont az évad végére |h [elektronikus dokumentum] : |b Zsákbamacska / |c Nikolényi István |
| 260 | |c 1978-04-23 | ||
| 300 | |a 12 | ||
| 490 | 0 | |a Délmagyarország |v 68 No. 95 | |
| 695 | |a Kamaraszínház | ||
| 700 | 0 | 1 | |a Hernádi Oszkár |e aut |